[Event "Olympiad-23"]
[Site "Buenos Aires"]
[Date "1978.10.31"]
[Round "6"]
[White "Ornstein, Axel"]
[Black "Unzicker, Wolfgang"]
[Result "0-1"]
[WhiteElo "2425"]
[BlackElo "2525"]
[Annotator "Unzicker,W"]
[PlyCount "62"]
[EventDate "1978.10.25"]
[EventType "team-swiss"]
[EventRounds "14"]
[EventCountry "ARG"]
[SourceTitle "EXT 2002"]
[Source "ChessBase"]
[SourceDate "2001.11.25"]
[SourceVersion "1"]
[SourceVersionDate "2001.11.25"]
[SourceQuality "1"]
[WhiteTeam "Sweden"]
[BlackTeam "Germany"]
[WhiteTeamCountry "SWE"]
[BlackTeamCountry "GER"]

{Inf.26/238} 1. e4 e6 2. d4 d5 3. Nd2 c5 4. exd5 exd5 5. Bb5+ Nc6 6. Ngf3 Bd6
7. dxc5 Bxc5 8. O-O Nge7 9. Nb3 Bd6 10. Bg5 O-O 11. Re1 Bg4 12. h3 Bh5 13. Bxc6
bxc6 14. Nbd4 Rc8 15. c4 (15. Qe2 Re8 16. Nf5 $6 Nxf5 17. Bxd8 Rxe2 18. Rxe2
Bxf3 (18... Rxd8 19. g4 $16) 19. Re8+ Bf8 20. gxf3 Nd6 $15) 15... Re8 16. cxd5
cxd5 17. Qd2 $6 (17. Qa4 $14) 17... Qd7 18. Ne5 (18. Bf4 $10) 18... Qb7 19.
Bxe7 Bxe7 20. a3 Bf6 $6 (20... h6) 21. Nec6 $1 h6 22. Rxe8+ Rxe8 23. Rc1 (23.
b4 $142 $14) 23... Bg5 $1 24. f4 Bf6 25. Rc5 Bg6 {[/\ Be4]} 26. f5 Bh7 27. b4 (
27. Rxd5 $4 Bxd4+ $19) 27... Qd7 28. Qf2 Re4 $1 $17 29. Rb5 (29. b5 $142) 29...
Qd6 $1 30. Qf3 $4 $138 (30. Rb8+ $4 Qxb8 31. Nxb8 Bxd4 $19) 30... Bxd4+ 31. Kf1
Qxc6 0-1

[Event "SWE-ch"]
[Site "Linkoping"]
[Date "2001.07.06"]
[Round "6"]
[White "Barkhagen, Jonas"]
[Black "Brynell, Stellan"]
[Result "1/2-1/2"]
[WhiteElo "2468"]
[BlackElo "2462"]
[Annotator "Ziegler,A"]
[PlyCount "55"]
[EventDate "2001.06.30"]
[EventType "tourn"]
[EventRounds "13"]
[EventCountry "SWE"]
[EventCategory "8"]
[SourceTitle "CBM 085"]
[Source "ChessBase"]
[SourceDate "2001.11.13"]
[SourceVersion "1"]
[SourceVersionDate "2001.11.13"]
[SourceQuality "1"]

1. e4 e6 2. d4 d5 3. Nd2 c5 4. exd5 exd5 5. Ngf3 Nc6 6. dxc5 {Är inte
speciellt kritiskt, nio av tio väntar med slaget tills löparen har utvecklat
sig till d6.} Bxc5 7. Nb3 Bb6 {Här vill man ställa löparen i första hand.} 8.
Qe2+ Qe7 9. Bg5 f6 10. Be3 Bxe3 11. Qxe3 Qxe3+ 12. fxe3 {[#] Ställningen är
mycket jämn. Spelarna är båda kända för att vara extremt svårslagna. Allt
annat en remi är en sensation.} Nge7 13. Bb5 {Vit hoppas att en förändring av
strukturen kommer att leda till att nya möjligheter dyker upp.} O-O 14. Bxc6
Nxc6 15. O-O-O Bf5 16. Nfd4 (16. Rxd5 Bxc2) 16... Nxd4 17. Nxd4 Be4 {Vit kom
ingen vart den här gången. nu får han försöka hitta på något nytt.} 18. Rd2
Rfe8 19. Nb5 Re7 20. Nc3 Kf7 21. Rhd1 Rd8 22. Rf2 Re5 23. Rd4 Ke6 24. Rb4 Rd7
25. a4 Bg6 26. Kd2 Rc7 27. Rff4 b6 28. Rh4 1/2-1/2